00418nam a2200169Ia 4500008004100000041001200041082002200053100002100075245003500096365000800131520000900139546001200148630003500160650000900195655000900204730003500213101110s9999 xx 000 0 und d aENGLISH bSR10372a891.4391 aIllahabadi Akbar aKulyat -e- Akbar Vol- II & III b7.5 aUrdu aENGLISH aKulyat -e- Akbar Vol- II & III aUrdu aUrdu aKulyat -e- Akbar Vol- II & III